00347nam a22001337a 4500003000400000008004100004020001500045100003600060245004900096250000900145260002900154300000800183650002200191OSt200701b ||||| |||| 00| 0 eng d a8185731012 aDandiya , P.C.and Mathur, Mukul aText book of Hospital and Clinincal Pharmacy a12th aNew DelhibVallabhc2018 a280 aHospital Pharmacy